LDR 01349nam a2200289 i 4500 001 000000147028 003 CaOOAMICUS 005 20260604113902.0 008 060119s1983 it u000 u ita u 020 $a88-215-0565-0 040 $aSeMil$bita 100 1 $aWarnach, Viktor,$c
.$0(OLS)http://semarc/name/90747 240 10$aChristusmysterium.$0(OLS)http://semarc/title/215014 245 13$aIl mistero di Cristo :$buna sintesi alla luce della teologia dei misteri /$cViktor Warnach ; a cura di Burkhard Neunheuser. 260 $aRoma :$bPaoline,$c1983. 300 $a249 p. ;$c22 cm. 490 0 $aProspettive teologiche ;$v3 650 4$aMisteri cristiani.$0(OLS)http://semarc/subject/34917 650 4$aCristologia.$0(OLS)http://semarc/subject/173 700 1 $aNeunheuser, Burkhard,$c
.$0(OLS)http://semarc/name/16100 830 0$aProspettive teologiche ;$v3.$0(OLS)http://semarc/title/420494 850 $aSeMil 852 $aSeMil$W1$xVenegono$y1$m2B IV 344$j272883$B99627$CSeMilBibl$Z2$F108070 $81 996 $6020$a88-215-0565-0$9(OLS)http://semarc/number/60782 996 $6245$aIl mistero di Cristo :$buna sintesi alla luce della teologia dei misteri$9(OLS)http://semarc/title/215013 996 $6260$aRoma :$bPaoline$9(OLS)http://semarc/publisher/29686